00929nam a22002658i 4500001001000000003000400010005001700014008004100031020004200072020002900114040003700143050001600180245010900196250001900305260004400324300004700368336002600415337002800441338002700469504005100496650002800547650002900575700003000604700002900634020550703OSt20251007105353.0220407s2022 ne a b 001|0|eng|d a9780323775571 (Hardcover)cUSD 389.00 a9780323775588 (Volume 1) aStDuBDSbengcStDuBDSerdadNUST aRD598.5 RUT10aRutherford's vascular surgery and endovascular therapy /cedited by Anton N. Sidawy and Bruce A. Perler. aTenth edition. aPhiladelphia, PA :bElsevier, c©2023. axlv, 2662 pages :bIllustrations ;c28 cm. atext2rdacontentbtxt aunmediated2rdamediabn avolume2rdacarrierbnc aIncludes bibliographical references and index. 0aBlood-vesselsxSurgery. 0aEndovascular procedures.1 aSidawy, Anton N. eEditor1 aPerler, Bruce A.eEditor